Statistiques concernant Flag Quiz : Collectivité d’outre mer

Cliquez ici pour prendre le quiz!

Statistiques générales

  • Ce quiz a été pris 110 fois
  • Le résultat moyen est 10 sur 14

Statistiques - réponses

Réponse% Correct
France
99%
Corse
95%
Guadeloupe
91%
La Réunion
87%
Polynésie française
84%
Guyane
81%
Mayotte
79%
Nouvelle-Caledonie
79%
Saint-Pierre-et-Miquelon
75%
Martinique
73%
Wallis-et-Futuna
65%
Saint-Martin
58%
Saint-Barthélemy
57%
Antarctique française
1%

Distribution des résultats

Percentile par nombre de réponses

% des personnes avec chaque résultat

Votre développement - résultats

Vous n’avez pas pris ce quiz